Capacidad de maniobra y costos de la transformación económica para la actual coyuntura /

Furkejuvvon:
Bibliográfalaš dieđut
Váldodahkki: Alarco, Germán
Eará dahkkit: Hierro, Patricia del
Materiálatiipa: Texto
Fáttát:
Fáddágilkorat: Lasit fáddágilkoriid
Eai fáddágilkorat, Lasit vuosttaš fáddágilkora!

MARC

LEADER 00000 a a2200000 04500
001 18240
003
040
100 |a Alarco, Germán  
245 |a Capacidad de maniobra y costos de la transformación económica para la actual coyuntura /  |c Germán Alarco ; Patricia del Hierro 
650 |a POLITICA ECONOMICA  
650 |a LIBERALIZACION ECONOMICA  
650 |a CONSECUENCIAS ECONOMICAS  
650 |a TEORIA ECONOMICA  
650 |a REFORMA ECONOMICA  
650 |a POLITICA MONETARIA  
650 |a GLOBALIZACION  
700 |a Hierro, Patricia del  
773 |g número 87; páginas 29-48  
999 |c 32591  |d 32591